Operace ve vnějších ekonomických vztazích příručka ke cvičením

Salvato in:
Dettagli Bibliografici
Autore principale: Parolek, Jaromír
Ente Autore: Vysoká škola ekonomická v Praze. Obchodní fakulta
Natura: Libro
Lingua:ceco
Pubblicazione: Praha Státní pedagogické nakladatelství 1986
Tags: Aggiungi Tag
Nessun Tag, puoi essere il primo ad aggiungerne!!

MARC

LEADER 00000nam a2200000 4500
001 c105171
005 20190425091555.5
041 0 |a cze 
044 |a CZ 
245 1 0 |a Operace ve vnějších ekonomických vztazích  |b příručka ke cvičením  |c Jaromír Parolek a kol. 
264 1 |a Praha  |b Státní pedagogické nakladatelství  |c 1986 
300 |a 165 s. 
100 1 |a Parolek, Jaromír 
710 2 |a Vysoká škola ekonomická v Praze. Obchodní fakulta